| 000 | 00421cam a22001337a 4500 | ||
|---|---|---|---|
| 008 | 180718b1956 xxu||||| |||| 00| 0 eng d | ||
| 082 | _aL93133 M471 | ||
| 100 | _aMeerloo, Joost A.M. | ||
| 245 |
_aThe rape of the mind: the psychology of thought control, menticide, and brainwashing _cby Joost A.M. Meerloo |
||
| 260 |
_aCleveland _bWorld Publishing _c1956 |
||
| 300 | _a320p. | ||
| 500 | _a$5.00 | ||
| 650 | _aBrainwashying | ||
| 999 |
_c373544 _d373544 |
||